Statistics for Largest Cities In Massachusetts With Exceptions

Click here to take the quiz!

General Stats

  • This quiz has been taken 54 times
  • The average score is 6 of 11

Answer Stats

PopulationCountyAnswer% Correct
181,045WorcesterWorcester
97%
153,060HampdenSpringfield
89%
88,857BristolFall River
71%
95,072BristolNew Bedford
69%
44,737BerkshirePittsfield
57%
45,193BarnstableBarnstable
51%
55,874BristolTaunton
51%
55,298HampdenChicopee
46%
40,318WorcesterFitchburg
34%
40,759WorcesterLeominster
31%
41,094HampdenWestfield
31%

Score Distribution

Percentile by Number Answered

Percent of People with Each Score

Your Score History

You have not taken this quiz